000 00287nam a2200121Ia 4500
005 20251222155159.0
008 251222s9999||||xx |||||||||||||| ||spa||
082 _aINV.41
100 _aRUIZ GALLO, Pedro.
245 0 _aResúmenes de investigación.
264 _bNo tiene
942 _cLIB
999 _c39855
_d39855